Statystyki dla avengers:endgame

Kliknij tutaj aby rozwiązać quiz!

Ogólne statystyki

  • Ten quiz został rozwiązany 1 111 razy
    (853 od ostatniego zresetowania)
  • Średni wynik to 6 z 9

Statystyki odpowiedzi

hintpostacie% Poprawnych
pstryknoł żeby zabić armie thanosa wraz z nimiron man
98%
podniósł mjojnir nie thorkapitan ameryka
93%
poświęcił/a się dla kamienia duszyczarna wdowa
87%
cofnoł pstryknięcie z infinity warhulk
84%
najnowsza uczestniczka avengersów/nie rescuekapitan marvel
65%
został roninemhawkeye
50%
pomógł ant manowi wydostać się z królestwa kwantówszczur
34%
córka ironmanamorgan
31%
wybrali się po kamień rzeczywistościthor i rocket
17%

Rozkład punktacji

Percentyl według liczby udzielonych odpowiedzi

Procent ludzi z każdym wynikiem

Twoja historia wyników

Nie rozwiązałeś tego quizu od ostatniego zresetowania